000 00287nam a2200097Ia 4500
082 _aT 305.235
245 0 _aFrequently asked questions about peer pressure
100 _a Juzwiak, Richard New York, 2009 1st ed
_976368
942 _cBK
008 210817s9999 xx 000 0 und d
999 _c253872
_d253871